Physics : a world view (Record no. 64264)
[ view plain ]
| 000 -LEADER | |
|---|---|
| fixed length control field | 00418nam a22001697a 4500 |
| 003 - CONTROL NUMBER IDENTIFIER | |
| control field | NUST - PNEC |
| 005 - DATE AND TIME OF LATEST TRANSACTION | |
| control field | 20170116180837.0 |
| 008 - FIXED-LENGTH DATA ELEMENTS--GENERAL INFORMATION | |
| fixed length control field | 150811b xxu||||| |||| 00| 0 eng d |
| 020 ## - INTERNATIONAL STANDARD BOOK NUMBER | |
| International Standard Book Number | 0030282810 |
| 040 ## - CATALOGING SOURCE | |
| Transcribing agency | LIBRARY |
| 082 ## - DEWEY DECIMAL CLASSIFICATION NUMBER | |
| Classification number | 530 KIR |
| 100 ## - MAIN ENTRY--PERSONAL NAME | |
| 9 (RLIN) | 5073 |
| Personal name | Kirkpatrick, Larry D |
| 245 ## - TITLE STATEMENT | |
| Title | Physics : a world view |
| Statement of responsibility, etc. | Larry D,Kirkpatrick |
| 250 ## - EDITION STATEMENT | |
| Edition statement | 4th ed |
| 650 ## - SUBJECT ADDED ENTRY--TOPICAL TERM | |
| 9 (RLIN) | 5075 |
| Topical term or geographic name entry element | Physics |
| General subdivision | - |
| 942 ## - ADDED ENTRY ELEMENTS (KOHA) | |
| Source of classification or shelving scheme | |
| Koha item type | Book |
| Withdrawn status | Lost status | Source of classification or shelving scheme | Damaged status | Not for loan | Permanent Location | Current Location | Shelving location | Date acquired | Total Checkouts | Full call number | Barcode | Date last seen | Date last checked out | Price effective from | Koha item type |
|---|---|---|---|---|---|---|---|---|---|---|---|---|---|---|---|
| Pakistan Navy Engineering College (PNEC) | Pakistan Navy Engineering College (PNEC) | 2 | 530 KIR | PNECLIB-028456 | 11/11/2016 | 11/11/2016 | Book |
